000 00651nam a2200205Ii 4500
003 JO-AjNU
008 230605s9999||||xx |||||||||||||| ||und||
040 _aJO-AjNU
_bara
_erda
_cJO-AjNU
041 _aara
050 1 4 _aGV362.K47 1997
100 3 _aخطايبة، أكرم زكي,
_eauthor
_98308
245 0 0 _aالمناهج المعاصرة في التربية الرياضية
250 _aط1
264 3 1 _aعمان: دار الفكر، 1997
300 _a188ص
336 _atext
_btxt
_2rdacontent
337 _aunmediated
_bn
_2rdamedia
338 _avolume
_bnc
_2rdacarrier
650 4 _aالتربية الرياضبة - تعليم
_98309
999 _aA722
_c4290
_d4290